Lozère - mort subite - Statistiques

Statistiques générales
  • Ce quiz a été pris 49 fois
  • Le résultat moyen est 4 sur 18
Answers on the Grid
Answers color-coded by a green-red scale on the quiz's grid according to % correct below.
Une frontière avec le Cantal
Mamou
Chamonix
Une zone d'occupation autrichienne en 1815
Castelsarrasin
Samar
La Bête du Gévaudan
Saint-Chély-d'Apcher
Agen
Auch
Place du Tertre
Mont Lozère
Cachemire
Florac Trois Rivières
Gorges du Tarn
Tumbes
Le département le moins peuplé de France
Benguela
Marvejols
Le lieu de naissance du Pape Urbain V
Les Causses
Des gypaètes barbus
Albi
Les Cevennes
Plus de 100 000 personnes
Moissac-Vallée-Française
Le premier chef-lieu éclairé à l'électricité
Saint-Alban-sur-Limagnole
Okene
Bourgs-sur-Colagne
Des loups sauvages
Cojedes
Mende
La densité de population la plus faible en France métropolitaine
Yssingeaux
Olivet
 
Statistiques - réponses
Réponse % Correct
Une frontière avec le Cantal
89%
Saint-Chély-d'Apcher
39%
Mont Lozère
29%
Florac Trois Rivières
25%
Marvejols
25%
Mende
21%
Des loups sauvages
18%
Le département le moins peuplé de France
18%
Les Causses
18%
Les Cevennes
18%
Gorges du Tarn
14%
Pont-de-Montvert Le lieu de naissance du Pape Urbain V
14%
La densité de population la plus faible en France métropolitaine
11%
Saint-Alban-sur-Limagnole
11%
Une zone d'occupation autrichienne en 1815
11%
Bourgs-sur-Colagne
7%
Mende, 1888 Le premier chef-lieu éclairé à l'électricité
4%
Moissac-Vallée-Française
4%
Aucun quiz correspondant
Distribution des résultats
% des personnes avec chaque résultat
Percentile par nombre de réponses
Votre historique - résultats
Vous n’avez pas pris ce quiz